England FIFA World Cup Players - Statistics

General Stats
  • This quiz has been taken 268 times
  • The average score is 53 of 108
Answer Stats
The Three Lions % Correct
Harry Kane
92%
David Beckham
88%
Jordan Pickford
88%
Frank Lampard
83%
Des Walker
80%
John Stones
80%
Kyle Walker
80%
Rio Ferdinand
80%
Ashley Cole
79%
Raheem Sterling
79%
Steven Gerrard
79%
Joe Cole
78%
Wayne Rooney
78%
Gary Neville
76%
Jordan Henderson
76%
Michael Owen
76%
Bukayo Saka
75%
Marcus Rashford
75%
Harry Maguire
74%
Paul Scholes
74%
David Seaman
73%
Jude Bellingham
73%
Luke Shaw
73%
Joe Hart
72%
Kieran Trippier
72%
Phil Foden
72%
John Terry
71%
David James
70%
Alan Shearer
69%
Declan Rice
68%
Jack Grealish
64%
Trent Alexander-Arnold
64%
Shaun Wright-Phillips
60%
Gary Lineker
59%
Phil Jones
59%
Dele Alli
57%
Kalvin Phillips
57%
Tony Adams
57%
Sol Campbell
55%
Teddy Sheringham
55%
Glen Johnson
54%
Mark Wright
54%
Peter Crouch
54%
Eric Dier
53%
Jamie Vardy
53%
Ashley Young
52%
James Milner
52%
Jamie Carragher
52%
Jermain Defoe
50%
Jesse Lingard
50%
Mason Mount
50%
Nicky Butt
50%
Daniel Sturridge
48%
Gary Cahill
48%
Paul Gascoigne
48%
Robert Green
47%
Emile Heskey
46%
John Barnes
45%
Michael Carrick
44%
Callum Wilson
43%
Robbie Fowler
43%
Danny Welbeck
42%
Owen Hargreaves
41%
Gareth Southgate
40%
Leighton Baines
40%
Paul Robinson
40%
Steve McManaman
40%
Chris Smalling
38%
Gareth Barry
38%
Jack Wilshere
38%
Paul Ince
38%
Paul Parker
37%
Danny Rose
34%
Darren Anderton
34%
Bryan Robson
33%
Peter Shilton
33%
Stuart Pearce
33%
Adam Lallana
32%
Ledley King
32%
Phil Jagielka
32%
Aaron Lennon
31%
Ben Foster
31%
David Platt
31%
Matthew Upson
31%
David Batty
30%
Peter Beardsley
30%
Chris Waddle
29%
Ross Barkley
27%
Fabian Delph
26%
Terry Butcher
26%
Rickie Lambert
25%
Danny Mills
24%
Graeme Le Saux
24%
Paul Merson
24%
Rob Lee
24%
Trevor Sinclair
23%
Wayne Bridge
23%
Darius Vassell
21%
Stewart Downing
21%
Ruben Loftus-Cheek
20%
Kieron Dyer
19%
Trevor Steven
19%
Steve Bull
17%
Gary Stevens
16%
Neil Webb
13%
Steve McMahon
13%
Tony Dorigo
12%
No matching quizzes found
Score Distribution
Percent of People with Each Score
Percentile by Number Answered
Your Score History
You have not taken this quiz